[Event "EU-Cup 13th Group7"]
[Site "Krynica"]
[Date "1997.09.16"]
[Round "2"]
[White "Iljin, Stanislav"]
[Black "Smirin, Ilia"]
[Result "0-1"]
[WhiteElo "2325"]
[BlackElo "2600"]
[Annotator "Hazai,L"]
[PlyCount "78"]
[EventDate "1997.09.15"]
[EventType "team-k.o."]
[EventRounds "3"]
[EventCountry "POL"]
[SourceTitle "EXT 2020"]
[Source "ChessBase"]
[SourceDate "2019.10.17"]
[SourceVersion "1"]
[SourceVersionDate "2019.10.17"]
[SourceQuality "1"]
[WhiteTeam "Kharkiv Law Academy"]
[BlackTeam "Petah-Tikva Elitzur"]
[WhiteTeamCountry "UKR"]
[BlackTeamCountry "ISR"]

1. d4 {Huzman} Nf6 2. c4 g6 3. g3 c5 4. Nf3 (4. d5 b5 5. cxb5 a6 {would have
led to a Benko Gambit with g3, which is playable for Black.}) 4... Bg7 5. Bg2
Qa5+ {This provocative idea doesn't seem to be completely sound from
theoretical point of view. On the other hand it leads to lesser known
positions with practical chances for Black.} (5... O-O 6. O-O d6 7. Nc3 Nc6 {
leads to one of the main lines of the King's Indian.}) 6. Nc3 Ne4 7. Qd3 cxd4
8. Nxd4 Nc5 9. Qe3 {This is a healthy idea here.} (9. Qd1 Nc6 10. Be3 (10. e3
Ne6 11. O-O O-O 12. Nxe6 dxe6 {This is a very rarely seen P structure!} 13. Bd2
Qb4 14. Qb3 Qxb3 15. axb3 Rd8 16. Rfd1 Bd7 17. Na4 Bc8 $10 {
Baburin-Azmaiparash aburin-Azmaiparashvili, New York op 1997} (17... Be8 18.
Bc3 Rxd1+ 19. Rxd1 Rb8 20. Nc5 b6 21. Na6 Rc8 22. Bxg7 Kxg7 23. b4 f5 24. b3 e5
{Baburin, A-Azmaiparashvili,Z/New York op 1997/EXP 57/1/2-1/2 (73)})) 10... Ne6
11. Nxe6 Bxc3+ 12. bxc3 dxe6 13. O-O O-O 14. Qb3 Qc7 15. Qb5 Bd7 16. Rab1 Rab8
$10 {Baburin-Ivanchuk, Yerevan ol 1996} (16... Rab8 {Huzman} 17. Rfd1 Rfd8 18.
Bf4 e5 19. Bxc6 Bxc6 20. Qxe5 {1/2-1/2 Baburin,A-Ivanchuk,V/Erevan olm 1996/
EXT 96ch2})) 9... Nc6 10. Ndb5 {White wants to avoid the unnecessary exchanges,
because of his space advantage and strong centre.} Ne6 11. Bd2 a6 {This allows
White to regroup his Ns successfully.} (11... Qd8 {/\ a6 looks more precise
here.} 12. O-O O-O (12... a6) 13. Rad1 d6 (13... a6 14. Na3 d6 {deserves
serious attention because of the awkward N on a3.}) 14. Nd5 a6 (14... Bxb2 {
is the real question.}) 15. Nbc3 {Now White has regrouped his Ns successfully.}
Bd7 16. Bc1 {White has a strong pressure in the centre and () because of his
excellent N on d5.} Ned4 17. Qd2 b5 18. e3 Ne6 19. cxb5 axb5 20. a3 Na5 21. Qe2
Nb3 22. Nxb5 Bxb5 23. Qxb5 $16 {and White is a healthy P up, Bareev-Sion
Castro, Leon 1995} (23. Qxb5 {Huzman} Rb8 24. Qa4 Nec5 25. Qh4 e6 26. Qxd8 {
Bareev,E-Sion Castro,M/Leon 1995/CBM 48/1-0 (90)})) 12. Nd5 Qd8 13. Nbc3 (13.
Nb6 $2 {leads nowhere after} Rb8 14. Nxc8 axb5 $19 {and the N is trapped.})
13... O-O 14. O-O Ned4 (14... b5 {Huzman} 15. cxb5 axb5 16. a3 $14) 15. Qe4 (
15. Rad1 {Huzman} e6 16. Nf4 b5 $36) 15... e6 16. Nf4 b5 17. e3 Nf5 18. cxb5
axb5 (18... d5 {is strongly met by} 19. Nfxd5 $1 exd5 20. Qxd5 $16) 19. Nxb5 (
19. Qc2 {Huzman} Qb6 (19... b4 20. Ne4) 20. Rfc1 Bb7 $10 {/=/+}) 19... Bxb2 20.
Rab1 Bg7 21. Qc2 {Black has no time for d7-d5} Ba6 22. Rfc1 (22. a4 Rc8) (22.
a4 $5 {Huzman}) (22. Rfd1 $5 {Huzman}) 22... h5 {Black tries to get some
counterplay on the >>. White has an irritating pressure on the << due to his
strong B on the long /^.} 23. Nd3 {/\ Nc5} Rb8 (23... Rc8 24. Qa4) 24. a4 Bb7
25. Na7 $2 {#} (25. Bc3 $14 {would have kept the advantage for White.}) (25.
Nc5 {Huzman} Ba8 26. Bc3 $1 $14) 25... Ncd4 $1 $17 {White's position founders
on the weakened long /^.} 26. exd4 Bxg2 (26... Nxd4 {Huzman} 27. Bxb7 $1 (27.
Qc5 Ne2+ 28. Kf1 Nxc1 29. Rxc1 Bxg2+ 30. Kxg2 Rb3 $1 31. Ne1 Qa8+ 32. f3 Rb7
33. Nc8 Qxa4 $15) 27... Nxc2 28. Rxc2 $14) 27. Kxg2 Nxd4 (27... Rxb1 {Huzman}
28. Rxb1 Qa8+ 29. d5 Qxa7 30. Nf4 Nd4 $15) 28. Rxb8 ({Or} 28. Qc5 Rxb1 (28...
Nb3 {Huzman} 29. Rxb3 Rxb3 $15 {-Look at the previous line.}) 29. Rxb1 Qa8+ 30.
Kh3 Qe4 $1) 28... Qxb8 29. Qc7 Qa8+ 30. Kh3 Qf3 31. Ne1 (31. Nc5 {Huzman} Qxf2
32. Nxd7 Nf3 33. Rh1 g5 $19) (31. Nf4 {Huzman} g5 $19) 31... Qxf2 32. Qf4 Qe2 {
/-+} 33. Nb5 (33. Nc8 {Huzman} e5 34. Ne7+ Kh7 35. Qe3 Qf1+ $19) (33. Bb4 {
Huzman} Bh6 $1 34. Qxd4 (34. Qxh6 Qf1+ 35. Kh4 Nf5+ 36. Kg5 f6+ $1 37. Kxg6
Ne7+ $1 38. Bxe7 (38. Kxh5 Qh3#) 38... Qf5#) 34... Qf1+ 35. Kh4 (35. Ng2 Qf5+
36. g4 Qf3+ 37. Kh4 g5+ 38. Kxh5 Qh3+ 39. Nh4 Qxh2) 35... g5+ 36. Kxh5 Qh3+ 37.
Qh4 gxh4 $19) 33... Nb3 34. Rc2 Nxd2 35. Rxd2 (35. Qxd2 Qg4+ (35... Qf1+ {
Huzman} 36. Ng2 (36. Qg2 Qxe1 $19) 36... Qf5+ $19) 36. Kg2 Qxa4 {is no escape
from trouble.}) 35... Qxe1 $19 36. Rxd7 e5 37. Qc4 Qf2 38. Nd6 g5 39. Qe4 Qf1+
0-1

[Event "RUS-Cup Final"]
[Site "Sochi"]
[Date "1997.09.20"]
[Round "4"]
[White "Kharitonov, Andrei Y"]
[Black "Fedorov, Alexei"]
[Result "1-0"]
[WhiteElo "2540"]
[BlackElo "2600"]
[Annotator "Hazai,L"]
[PlyCount "92"]
[EventDate "1997.09.17"]
[EventType "tourn"]
[EventRounds "11"]
[EventCountry "RUS"]
[EventCategory "13"]
[SourceTitle "CBM 062"]
[Source "ChessBase"]
[SourceDate "1998.01.31"]
[SourceVersion "1"]
[SourceVersionDate "1998.01.31"]
[SourceQuality "1"]

1. Nf3 g6 2. d4 Bg7 3. c4 Nf6 4. g3 O-O 5. Bg2 c5 6. O-O Nc6 7. d5 Na5 8. Nfd2
d6 9. a3 {White wants to exploit immediately the delicate position of the N on
a5.} (9. Nc3 {leads to the main lines by transposition of moves.}) 9... Nd7 (
9... Qc7 10. Qc2 Nd7 (10... b6 11. b4 Nb7 12. Bb2 $14) 11. Ra2 Ne5 12. h3 a6
13. f4 Nd7 14. b3 b5 15. Bb2 Bxb2 16. Rxb2 bxc4 17. bxc4 Nb6 18. f5 $5 (18. e4
Bd7) 18... Bxf5 19. Rxf5 gxf5 20. Qxf5 f6 21. Be4 Rf7 {and White has to prove
yet the correctness of the exchange sacrifice, Vucic-Zapata, St.Martin op 1993}
) 10. Ra2 {/\ b4} Ne5 11. b3 {This is the new idea!} (11. Qc2 Bd7 12. h3 (12.
b4 $2 cxb4 13. axb4 Naxc4 14. Nxc4 Rc8) 12... b5 13. cxb5 Bxb5 14. Nc3 Qb6 15.
b3 Ba6 16. Rb2 {1/2-1/2 Kasimdzhanov,R-Antoniewski,R/WchJM U20 1997/EXP 59})
11... Rb8 (11... a6 12. a4) 12. a4 a6 13. Na3 e6 $143 (13... Bd7 $5 {/\ b5} 14.
h3 f5 15. f4 Nf7 16. Bb2 Bxb2 17. Rxb2 b5 18. axb5 axb5 $132) (13... f5 $5 {
is suggested by Kharitonov}) 14. Bb2 exd5 15. cxd5 {Since the c4 P has been
transformed to d5 P, Black has lost his excellent target.} f5 (15... b5 16.
axb5 axb5 17. Nc2 {/\ Qa1} (17. Qa1)) 16. f4 Ng4 17. Bxg7 Kxg7 18. Qa1+ Kg8 (
18... Nf6 19. e4 $16) (18... Qf6 19. Nac4 Nxc4 20. Nxc4 Rd8 21. a5 $16) 19. Bf3
(19. Nac4 $143 Nxc4 20. Nxc4 b5 21. axb5 axb5 22. Na5 Bd7) 19... Ne3 20. Rb1
Bd7 (20... b5 21. axb5 axb5 22. Qc3 Re8 23. b4 cxb4 24. Qxb4 $16) 21. Qc3 $1
$16 Re8 22. Nc2 $1 {White gets rid off the dangerous N, remaining the awkward
Na5 on the board.} Nxc2 23. Rxc2 b5 24. axb5 Rxb5 (24... axb5 25. e4 $16 {
seizing the initiative in the centre.}) 25. e4 Qb8 26. Ra2 c4 (26... Qb6 27.
Kg2) 27. b4 Nb3 28. Nxc4 $1 (28. Nxb3 $2 {runs into} Rxb4) 28... fxe4 29. Be2
$1 Nc5 {[#]} (29... Rxb4 30. Ra3) 30. Nxd6 $1 $18 Nd3 (30... Qxd6 31. Bxb5) 31.
Bxd3 Qxd6 32. Bxb5 Bxb5 33. Qc5 {The rest speaks for itself.} Qd7 34. Re1 Rc8
35. Qd4 Bd3 36. Rd2 Qb5 37. d6 Rc4 38. Rxd3 exd3 39. Re8+ Qxe8 40. Qxc4+ Kf8
41. Qxd3 Qe1+ 42. Kg2 Ke8 43. Qxa6 Qe4+ 44. Kf2 Qd4+ 45. Kf3 Qd5+ 46. Ke3 Qb3+
1-0

[Event "Norway Chess 4th"]
[Site "Stavanger"]
[Date "2016.04.27"]
[Round "7"]
[White "Harikrishna, Pentala"]
[Black "Vachier Lagrave, Maxime"]
[Result "1/2-1/2"]
[WhiteElo "2763"]
[BlackElo "2788"]
[Annotator "Krasenkow,M"]
[PlyCount "98"]
[EventDate "2016.04.19"]
[EventType "tourn"]
[EventRounds "9"]
[EventCountry "NOR"]
[EventCategory "21"]
[SourceTitle "CBM 172"]
[Source "ChessBase"]
[SourceDate "2016.05.12"]
[SourceVersion "1"]
[SourceVersionDate "2016.05.12"]
[SourceQuality "1"]

1. d4 Nf6 2. c4 g6 3. f3 c5 4. d5 d6 5. e4 e6 6. Ne2 Bg7 7. Nec3 Nh5 {Trying
to immediately create counterplay, not wasting a tempo on castling.} (7... O-O
{leads to a more common position}) (7... exd5 $5 8. cxd5 Nh5 {was seen in some
recent games:} 9. Be3 (9. g4 Qh4+ 10. Kd2 Nf4 11. Qe1 Qf6 12. Kc2 g5 13. h4 h6
14. Na3 Nd7 15. hxg5 hxg5 16. Rxh8+ Bxh8 17. Nc4 Ne5 $15 ({but not} 17... a6 $2
18. e5 $1 Qg6+ 19. Ne4 Nxd5 20. Bd3 Kf8 {1/2 (52) Grischuk,A (2810)
-Nepomniachtchi,I (2714) Beijing 2014} 21. Nexd6 Nb4+ 22. Qxb4 Qxd3+ 23. Kxd3
cxb4 24. Bxg5 $14)) 9... f5 10. exf5 (10. Nd2 O-O 11. Be2 Bd4 $1 12. Nc4 Qh4+
13. Kd2 Na6 14. Qg1 Bxc3+ 15. bxc3 fxe4 16. Nxd6 exf3 17. Bxf3 Qd8 18. Nxc8
Rxc8 19. Qd1 Nf6 $132 {1/2 (69) Paravyan,D (2436)-Khusnutdinov,R (2490) Moscow
2015}) (10. Be2 O-O 11. exf5 gxf5 12. f4 Re8 13. Qd2 Nf6 {1/2 (13) Lukov,V 
(2470)-Moracchini,F (2315) Paris 1998}) 10... gxf5 11. Bb5+ $6 (11. Be2 $142 {
but Black has a good position anyway}) 11... Nd7 12. g4 (12. f4 $6 Nhf6 13. O-O
Ng4 14. Qf3 O-O 15. Kh1 a6 16. Bxd7 Bxd7 17. Bg1 b5 $17 {1/2 (45) Bogdanovich,
S (2581)-Nepomniachtchi,I (2714) Moscow 2015}) 12... fxg4 13. fxg4 Qh4+ 14. Kd2
Nhf6 15. Qe1 Qxe1+ 16. Rxe1 O-O $17 {0-1 (35) Lodici,L (2347)-Vovk,Y (2626)
Padova ITA 2015}) 8. Qe2 $6 (8. Be3 exd5 9. cxd5 {leads to the above-mentioned
line. With the text move, White wants to anticipate ...e6xd5 and prepare g2-g4
but it is too pretentious.}) 8... Be5 $6 {More natural moves would be better:}
(8... exd5 9. Nxd5 (9. exd5+ Kd7 $1) 9... Nc6 10. Nbc3 O-O 11. Be3 $13) (8...
O-O {was the simplest. White probably planned} 9. g4 {but after} Nf6 {he had
no way of normal development as} 10. Bg2 exd5 11. cxd5 {would be met with} b5
$1 12. g5 (12. Nxb5 Nxd5) 12... Nh5 13. Nxb5 Be5 $17 {[%cal Yh5f4,Yf7f6]}) 9.
Be3 ({Why not} 9. g3 O-O 10. Bg2 {?}) 9... f5 (9... O-O 10. g3 Na6 $13 {
was not Black's intention.}) 10. exf5 exf5 11. f4 Bg7 12. Bf2+ Kf7 13. Qd2 Nf6
{As a result, the game has reached a typical setup with the open e-file. Such
positions are usually roughly equal: White has a space advantage, and Black's
counterplay is only enough for equality.} 14. h3 a6 (14... Na6 {[%cal Ya6c7] ,
covering the e6-square, is a more standard setup.}) 15. a4 a5 {Black seals the
queenside. A risky strategy as White has possibilities to break on the
kingside (g2-g4). However, Black is not doomed to passive defence: he can
double rooks along the e-file, which will inevitably lead to simplifications.}
16. Be2 Na6 17. O-O Bd7 18. Bf3 Re8 19. Na3 Qb6 20. Nab5 Nb4 21. Rae1 Rxe1 22.
Rxe1 Re8 23. Re2 Bc8 24. Bh4 Rxe2 25. Qxe2 Qd8 26. g4 Qe7 27. Qd2 {After the
exchange of queens White has no winning chances but now, too, Black's position
is solid enough.} Bd7 28. gxf5 Bxf5 29. Bg4 Ke8 30. Bxf5 gxf5 31. Kf1 Kd7 32.
Qg2 Qf7 33. Bxf6 Bxf6 34. Qe2 Qg8 35. Nd1 Bd4 36. Nf2 Qg6 37. Nxd4 cxd4 38. c5
$6 {A risky attempt to complicate matters.} (38. Nd3 Qg3 {, and White must
give a perpetual.}) 38... dxc5 39. Qb5+ Kd6 40. Qxb7 Qe8 (40... Qg8 $5) 41.
Qxh7 Nxd5 42. Qh6+ Kc7 43. b3 {Fortunately, Black's unsafe king deprives him
of winning chances.} Ne3+ 44. Kg1 Qg8+ 45. Qg5 Qxb3 46. Qe7+ Kc6 47. Qe8+ Kc7
48. Qe7+ Kc6 49. Qe8+ Kc7 1/2-1/2

[Event "Rubinstein Memorial 35th"]
[Site "Polanica Zdroj"]
[Date "1998.08.19"]
[Round "3"]
[White "Karpov, Anatoly"]
[Black "Shirov, Alexei"]
[Result "1/2-1/2"]
[WhiteElo "2725"]
[BlackElo "2720"]
[Annotator "Hazai,L"]
[PlyCount "90"]
[EventDate "1998.08.17"]
[EventType "tourn"]
[EventRounds "11"]
[EventCountry "POL"]
[EventCategory "17"]
[SourceTitle "CBM 067"]
[Source "ChessBase"]
[SourceDate "1998.11.30"]
[SourceVersion "2"]
[SourceVersionDate "1998.11.01"]
[SourceQuality "1"]

1. Nf3 Nf6 2. c4 g6 3. g3 Bg7 4. Bg2 O-O 5. d4 d6 6. O-O Nc6 7. d5 Na5 8. Nfd2
c5 (8... c6 {Karpov-Markowski, Rubinstein mem 1998 CBM 67}) 9. a3 {White wants
to fight against the a5 N right now.} (9. Na3 {puts the N on an awkward place.}
e6 10. Rb1 exd5 11. cxd5 a6 12. Nc2 Bd7 13. b3 Rc8 $15 {Donner-Sax, Amsterdam
1979}) (9. dxc6 {gives up the centre without getting anything for it.} bxc6 $13
{/\ Rb8,c5}) (9. Nc3 {- E66 is the main line.}) 9... Nd7 $142 (9... b5 $6 {
is not correct:} 10. cxb5 a6 11. b4 Nb7 12. bxa6 $16 {Euwe-Unzicker, Amsterdam
ol 1954}) (9... b6 {gives up the territories without any fight} 10. b4 Nb7 11.
Bb2 e5 (11... cxb4 12. axb4 Bd7 13. Nb3 a5 14. b5 $1 Qc7 15. N1d2 $16 {
Burmakin-Kisela, RUS-Cup Krasnodar 1997}) 12. dxe6 fxe6 13. Nc3 $16 {
Kochiev-Chekhov, SU 1974}) 10. Ra2 (10. Qc2 Ne5) 10... Ne5 (10... b6 $6 {
is again too passive, after which White can realize his dream of driving the
enemy N to an inferior square.} 11. b4 Nb7 12. Nb3 a6 13. Qd3 {provoking Ne5,
which can be attacked later by f2-f4} Ne5 14. Qc2 Qc7 15. f4 Ng4 16. h3 Nf6 17.
e4 Bd7 18. Be3 Rfc8 19. N1d2 $16 {Hulak-Santana, Minila ol 1992}) 11. b3 $5 (
11. Qc2 $143 Bd7 12. h3 (12. f4 Ng4 13. Nf3 b5 $13 {Lengyel-Florian, Hungary
1955}) 12... b5 13. cxb5 Bxb5 14. Nc3 Qb6 15. b4 (15. b3 Ba6 $13) 15... cxb4
16. axb4 Nac4 17. Nxb5 Qxb5 18. Nxc4 Nxc4 $11 {Kociev-Popovic, SU-Yugoslavia
1976}) 11... a6 12. Bb2 b5 13. cxb5 (13. f4 $2 Ng4) (13. Qc2) 13... axb5 14. b4
Nb7 {At first sight this looks as a big concession for White.} (14... Nac4 $5 {
is more active, certainly} 15. Nxc4 Nxc4 16. Bxg7 Kxg7 17. Nc3 (17. bxc5 dxc5
18. Nc3 (18. d6 Ra6 $13) (18. Nd2 Nxd2 19. Qxd2 Qd6 $11) (18. Qb3 $5 {comes
into consideration.}) 18... Rxa3 {- 17.Nc3} (18... Nxa3 $2 19. d6 $1 Ra6 20.
Qa1 $18) (18... Nd6 19. e4 $14) (18... Ba6 $5 19. Qa1 Kg8 $13)) 17... Rxa3 $1 (
17... Nxa3 $2 18. bxc5 $1) 18. bxc5 (18. Rxa3 Nxa3) 18... dxc5 (18... Rxa2 $2
19. Qd4+) 19. Rxa3 Nxa3 20. Qa1 Kg8 21. Qxa3 b4 22. Qb3 bxc3 23. Qxc3 Qd6 24.
Rc1 Ba6 25. Qxc5 Bxe2 $11) 15. Qb3 (15. Nc3 $5) 15... Qb6 16. Bc3 (16. Nc3 $6
Nc4 $1) 16... Bd7 (16... Bf5 $1 {looks more precise against Rc2.}) 17. Rc2 $1
Rfc8 18. h3 (18. Rfc1 Rc7) 18... Rc7 {The b4 P kills the b7 N, but White's
pieces lack harmony as well.} 19. Kh2 Rac8 20. f4 cxb4 21. axb4 Nc4 22. Bxg7
Nxd2 23. Rxd2 {defending against the penetration on c2.} (23. Rxc7 Qxc7) 23...
Kxg7 24. Qb2+ Kg8 (24... f6 $6 25. Na3 $1 $14 {/\ Nc2,Nd4}) 25. Na3 $1 Nd8 26.
Nc2 Rc4 27. Rfd1 (27. e4) (27. Nd4 $142 $14 {neutralizing Black's pressure on
the <-> c, while the black N is still dead.}) 27... Qa7 28. Nd4 Qa4 29. Rb1 e5
$5 (29... Rc3 $2 30. Nc6 $1 $18) (29... R8c7 30. e4 $14) 30. dxe6 (30. fxe5
dxe5 31. Nf3 (31. Nc6 $6 Nxc6 32. dxc6 Bxc6 33. Bxc6 R4xc6 34. Qxe5 Qa7 $1)
31... f6 $13) 30... Nxe6 31. Nxe6 Bxe6 32. Rxd6 Re8 (32... Rc2 $6 33. Qe5 $1
$16) 33. Qf6 (33. e4 $4 Rc2 34. Qf6 Rxg2+ $1 35. Kxg2 Qc2+ $19) (33. Bc6 $5 Rf8
$1 (33... Rc8 34. Rxe6 $1 fxe6 35. Bd7 $16) (33... Rb8 34. Qe5 $1) 34. Bf3 $5 {
is worthy of consideration.} (34. Qe5 $6 {connected with the following exhange
sacrifice founders on} Rxb4 35. Rxb4 (35. Ra1 Qb3) 35... Qxb4 36. Rxe6 fxe6 37.
Bd7 h5 $1)) 33... Bf5 $1 (33... Rxb4 $2 {loses because of the weakness of the
backrank.} 34. Ra1 Qc2 35. Rd8 Rxd8 36. Qxd8+ Kg7 37. Ra8 $18) 34. Rb2 $2 (34.
Ra1 $1 {was the strong move here to use the a <->.} Qxb4 35. Ra7 Be6 36. Rxe6
$18) 34... Qa7 $1 35. e4 (35. Rd8 Rxd8 ({and not} 35... Qe3 $2 36. Rxe8+ Qxe8
37. Rd2) 36. Qxd8+ Kg7 37. Qd2 (37. g4 $2 Qe3 $1) 37... Qe7 $44) 35... Bxe4 36.
Re2 Qe7 (36... Rxb4 $2 37. Rd8 $1 (37. Bxe4 $2 Rbxe4 38. Rxe4 Qf2+ $19) 37...
Rxd8 38. Qxd8+ Kg7 39. Rxe4 $1 $18) 37. Qxe7 Rxe7 38. g4 f5 (38... Rxb4 $6 39.
f5 $1) 39. gxf5 gxf5 40. Rf6 Rxb4 $11 41. Rxf5 Bxf5 42. Rxe7 Rxf4 43. Bd5+ Kf8
44. Rf7+ Ke8 45. Be6 Re4 $1 1/2-1/2

[Event "Norway Chess 4th"]
[Site "Stavanger"]
[Date "2016.04.24"]
[Round "5"]
[White "Harikrishna, Pentala"]
[Black "Li, Chao B"]
[Result "1-0"]
[WhiteElo "2763"]
[BlackElo "2755"]
[Annotator "Krasenkow,M"]
[PlyCount "83"]
[EventDate "2016.04.19"]
[EventType "tourn"]
[EventRounds "9"]
[EventCountry "NOR"]
[EventCategory "21"]
[SourceTitle "CBM 172"]
[Source "ChessBase"]
[SourceDate "2016.05.12"]
[SourceVersion "1"]
[SourceVersionDate "2016.05.12"]
[SourceQuality "1"]

1. d4 Nf6 2. c4 g6 3. f3 c5 4. d5 d6 5. e4 Bg7 6. Ne2 {A popular idea to avoid
the normal Sämisch.} O-O 7. Nec3 e5 $6 {Too passive, I think. With the closed
centre, White has a free hand on both sides.} (7... Nh5 {, played in the
famous match game Anand-Gelfand, is rather experimental}) ({but} 7... e6 {
is normal.}) 8. g4 {This continuation is rather unprepared.} (8. Bg5 $5 Na6
$142 (8... h6 9. Be3 Nh5 (9... Ne8 10. Nd2 f5 11. Bd3 f4 12. Bf2 g5 13. a3 a5
14. Na4 $1 $36 {[%cal Yb2b4] Arencibia Walter (2560)-Ubilava Elizbar (2555)
Benasque 1991}) 10. Qd2 (10. Nd2 f5 11. exf5 gxf5 12. Qc2 Nd7 13. O-O-O e4 $1
14. g4 {1-0 (44) Bulski,K (2538)-Czebe,A (2458) Slovakia 2014} (14. fxe4 f4 15.
Bf2 Ne5 $44) 14... f4 $1 15. gxh5 fxe3 16. Ndxe4 Ne5 $132) 10... Kh7 11. Na3
Na6 12. O-O-O Nb4 13. Nab1 Bd7 14. g3 $14 {1-0 (40) Wallace,J (2345)-Dao,T 
(2480) Budapest 1995}) 9. Nd2 Nc7 10. Be2 h6 11. Bh4 (11. Be3 Nh5) 11... Rb8
12. a3 Bd7 (12... Qe8 $5 {[%cal Yf6h5]}) (12... Qd7 $5) 13. b4 b6 14. Qc2 Qe8
15. O-O Nh5 16. Rfb1 Bf6 $5 (16... g5 $6 17. Bf2 Nf4 18. Bf1 $14 g4 $6 19. fxg4
Bxg4 20. bxc5 dxc5 21. Rb3 Bd7 22. Re1 Qe7 23. Nf3 $14 {1/2 (61) Laznicka,V 
(2676)-Tissir,M (2366) Tromso 2014})) 8... h5 {[%mdl 32] A typical reply in
this structure.} (8... Ne8 9. h4 f5 10. Be3 Nd7 11. Nd2 Bf6 12. g5 Be7 13. exf5
gxf5 14. Qc2 Ng7 15. Bh3 Rf7 16. O-O-O Nf8 17. f4 $36 {0-1 (37) Arencibia
Rodriguez,W (2335)-Boudy Bueno,J (2390) Havana 1986}) 9. h3 (9. g5 Nh7 10. Rg1
{is met with the standard} f6 {e.g.} 11. gxf6 Qxf6 12. Be2 Qh4+ 13. Kd2 Bh6+
14. Kc2 Bxc1 15. Qxc1 Rf6 {with a satisfactory position for Black.}) 9... Nh7 {
Otherwise White will play Bc1-g5 on the next move.} 10. Be3 h4 11. Qd2 Bf6 {
Black fights for dark squares.} (11... g5 $5 {was interesting. White will
hardly break through on the queenside as there is an important difference from
the structure with pawns on h5 and h6 (instead of h3 and h4): the f4-square is
available for Black's knight, and White's knight can only control the
corresponding f5-square from e3, where it obstructs his other pieces.}) 12. Rg1
(12. Na3 $5 {[%cal Ye1c1] was more appropriate but hardly dangerous for Black
anyway:} Bg5 13. O-O-O a6 14. Kb1 Qf6 $132) 12... Bg5 13. Bxg5 Qxg5 (13... Nxg5
{was more solid. Black certainly didn't like} 14. Qf2 {but then he had the
following rearrangement:} Kg7 15. Nd2 Rh8 16. O-O-O Nd7 $11) 14. Nb5 Qe7 15. g5
a6 16. N5c3 Nd7 17. Qg2 Kg7 18. Nd2 f6 {This was unnecessary. Black had a good
way to protect his h4-pawn:} (18... Rh8 19. O-O-O (19. Qg4 Nhf8 {[%cal Yh8h5,
Yf8h7]}) 19... Nhf8 {His position is constricted but very solid.}) 19. gxf6+
Qxf6 20. Nd1 Rf7 21. Nf2 Ndf8 22. Nd3 {White has transferred his knight to an
active position, and now Black needs to reckon with the breaks f3-f4 and b2-b4.
} b5 $6 (22... g5 {[%cal Yf8g6] was a good way to solve his problems. If} 23.
f4 (23. b4 cxb4 24. Nxb4 Ng6 25. Nd3 Nf4) 23... exf4 24. e5 dxe5 25. Ne4 {then}
Qh6 $13 {[%cal Yf4f3,Yc8f5]}) 23. O-O-O g5 $6 {This was appropriate a move
earlier but completely wrong now.} ({It looks like Black had no better way to
prevent f3-f4 and e4-e5 than} 23... Nd7) 24. f4 $1 $16 {After White's castling
this break is very powerful.} exf4 25. e5 $1 Qf5 (25... dxe5 26. Ne4 Qh6 {
was relatively better after all, e.g.} 27. Nxe5 Re7 28. Nc6 Bxh3 $5 29. Qc2
Rxe4 30. Qxe4 Bd7 31. Qe7+ Kh8 32. Qxc5 Qf6 $16) 26. e6 {This wedge tears down
Black's position.} f3 27. Qh2 Bxe6 $8 28. dxe6 Qxe6 29. Nf2 {Black has 3 pawns
for the piece but they are weak; besides, his king is under attack. The rest
is easy.} Qe3 30. Ng4 Qf4 31. Qxf4 Rxf4 32. Nxf3 $1 {A small tactical trick,
winning a pawn.} bxc4 (32... Rxf3 33. Bg2) 33. Ngh2 Ne6 34. Rxd6 Nd4 35. Rd7+
Kh8 36. Ne5 Nf8 37. Rf7 Re4 38. Rxg5 Rd8 39. Rxf8+ Rxf8 40. Ng6+ Kg7 41. Nxf8+
Kxf8 42. Rxc5 1-0